Kashmiri pandits : (Record no. 65260)

MARC details
000 -LEADER
fixed length control field 00576nam a22001577a 4500
005 - DATE AND TIME OF LATEST TRANSACTION
control field 20120419120637.0
020 ## - INTERNATIONAL STANDARD BOOK NUMBER
International Standard Book Number 8176488217
Terms of availability 395.00
035 ## - SYSTEM CONTROL NUMBER
System control number B-121864
037 ## - SOURCE OF ACQUISITION
Stock number DPL
Source of stock number/acquisition ENG
245 ## - TITLE STATEMENT
Title Kashmiri pandits :
Remainder of title A contemporry perspective /
Statement of responsibility, etc edited by M.L. Pandit
260 ## - PUBLICATION, DISTRIBUTION, ETC. (IMPRINT)
Place of publication, distribution, etc New Delhi
Name of publisher, distributor, etc A P H Publishing Corporation
Date of publication, distribution, etc 2005
300 ## - PHYSICAL DESCRIPTION
Extent x, 163p.
Dimensions 20 cms.
700 ## - ADDED ENTRY--PERSONAL NAME
Personal name Pandit, M.L.
9 (RLIN) 45378
942 ## - ADDED ENTRY ELEMENTS (KOHA)
Source of classification or shelving scheme Dewey Decimal Classification
Item type English Books
Classification part 305.52
Call number suffix KAS
Holdings
Withdrawn status Lost status Not for loan Collection code Home library Current library Date acquired Cost, normal purchase price Full call number Barcode Cost, replacement price Koha item type
      Non-fiction Sarojini Nagar Sarojini Nagar 19/04/2012 395.00 305.52 KAS B-121864 395.00 English Books

© Delhi Public Library
Hit Counter
free hit counter